000 00340nam a22001337a 4500
003 OSt
020 _a9788197978517
100 _aARORA, Shakti
245 _aAn Efficient Homomorphic Approach for Cloud Data Encryption
260 _aNew Delhi,
_bNaples India:
_c2024.
300 _a287p.
650 _aFaculty Publication
942 _2ddc
_cBK
999 _c13148
_d13148